| 000 | 00472pab a2200169 454500 | ||
|---|---|---|---|
| 008 | 180718b1997 xxu||||| |||| 00| 0 eng d | ||
| 100 | _aKamenickova, Vera | ||
| 245 | _aState budget support to local government | ||
| 260 | _c1997 | ||
| 300 | _ap.717-33 | ||
| 362 | _aMar | ||
| 650 | _aLocal government - Czechoslovakia | ||
| 650 | _aBudget - Czechoslovakia | ||
| 650 | _aLocal government | ||
| 773 | _aInternational Journal of Public Administration | ||
| 909 | _a34161 | ||
| 999 |
_c34161 _d34161 |
||